000 00596nam a22001697a 4500
003 OSt
005 20260402150127.0
008 260402b |||||||| |||| 00| 0 eng d
040 _cMRSPTU
041 _aEnglish
100 _aSumant, Supervisor: Dr. Ashish Baldi
245 _aQuality-By-Design-Based Development and Optimization of Innovative Dosage Form for Micronutrients and Probiotics
260 _bDepartment of Pharmacy, MRSPTU, Bathinda
_c2023
650 _aPharmaceutical Sciences and Technology
856 _uhttp://163.47.215.52:8080/jspui/handle/123456789/855
942 _2ddc
_cTH
_n0
999 _c11279
_d11279